Statistics for Car Brands by Picture #1

Click here to take the quiz!

General Stats

  • This quiz has been taken 178 times
    (164 since last reset)
  • The average score is 10 of 12

Answer Stats

Answer% Correct
Audi
99%
Lamborghini
99%
Mercedes
99%
Tesla
99%
Ford Mustang
98%
Land Rover
95%
Ferrari
93%
Corvette
84%
McLaren
69%
Mazda
68%
Pontiac
59%
Acura
56%

Score Distribution

Percentile by Number Answered

Percent of People with Each Score

Your Score History

You have not taken this quiz since the last reset